书目信息 |
| 题名: |
电路及电子技术
|
|
| 作者: | 杨立功 主编 | |
| 分册: | ||
| 出版信息: | 重庆 重庆大学出版社 2001.11 |
|
| 页数: | 280页 | |
| 开本: | 26cm | |
| 丛书名: | ||
| 单 册: | ||
| 中图分类: | TM13 | |
| 科图分类: | ||
| 主题词: | 电路理论 | |
| 电子资源: | ||
| ISBN: | 7-5624-2364-4 | |
| 000 | 00520nam0 2200181 45 | |
| 001 | 0431020298 | |
| 005 | 20041126085225.27 | |
| 010 | @a7-5624-2364-4@dCNY 28.00 | |
| 100 | @a20040424d2001 km y0chiy0120 ea | |
| 101 | 0 | @achi |
| 200 | 1 | @a电路及电子技术@ADian Lu Ji Dian Zi Ji Shu@f杨立功等主编@Fyang li gong deng zhu bian |
| 210 | @a重庆@c重庆大学出版社@d2001.11 | |
| 215 | @a280页@d26cm | |
| 606 | 0 | @a电路理论 |
| 690 | @aTM13@v3 | |
| 701 | 0 | @a杨立功@Ayang li gong@4主编 |
| 801 | 0 | @aCN@bPFT@c20041126 |
| 905 | @dTM13@eY222 | |
| 电路及电子技术/杨立功等主编.-重庆:重庆大学出版社,2001.11 |
| 280页;26cm |
| ISBN 7-5624-2364-4:CNY 28.00 |
| ● |
| 相关链接 |
|
|
|
正题名:电路及电子技术
索取号:TM13/Y222
 
预约/预借
| 序号 | 登录号 | 条形码 | 馆藏地/架位号 | 状态 | 备注 |
| 1 | 427098 | 204270984 | 自科二线404/301自科库 6排1列2层/ [索取号:TM13/Y222] | 在馆 | |
| 2 | 427099 | 204270993 | 自科库301/301自科库 8排4列2层/ [索取号:TM13/Y222] | 在馆 | |
| 3 | 427100 | 204271000 | 自科库301/301自科库 8排4列2层/ [索取号:TM13/Y222] | 在馆 |